Využívanie základných prostriedkov vo Východoslovenských hydinárskych závodoch n.p. Košice záverečná práca postgraduálneho štúdia

Gespeichert in:
Bibliographische Detailangaben
1. Verfasser: Jacková, Anna
Körperschaft: Vysoká škola ekonomická v Bratislave
Weitere Verfasser: Strinková, Viera
Format: Buch
Sprache:Slowakisch
Veröffentlicht: Bratislava 1988
Tags: Tag hinzufügen
Keine Tags, Fügen Sie das erste Tag hinzu!

MARC

LEADER 00000nam a2200000 4500
001 c040838
005 20260108081133.3
041 0 |a slo 
044 |a SK 
245 1 0 |a Využívanie základných prostriedkov vo Východoslovenských hydinárskych závodoch n.p. Košice  |b záverečná práca postgraduálneho štúdia  |c Anna Jacková ; Ved. práce Viera Strinková 
264 1 |a Bratislava  |c 1988 
300 |a 40 s. 
100 1 |a Jacková, Anna 
700 1 |a Strinková, Viera 
710 2 |a Vysoká škola ekonomická v Bratislave